Magnetic nanomaterials

Saved in:
Bibliographic Details
Other Authors Kumar, C. S. S. R. (Editor)
Format Book
LanguageEnglish
Published Weinheim : Wiley-VCH, c2009
SeriesNanomaterials for the life sciences
Subjects
ISBN9783527321544
Physical Descriptionxxiv, 648 s. : il. (některé barev.) ; 25 cm

Cover

LEADER 00000cam a2200000 a 4500
001 61005
003 CZ-ZlUTB
005 20240829144440.0
007 ta
008 101118s2009 gw a 001 0 eng d
020 |a 9783527321544  |q (váz.) 
040 |a OLD012  |b cze  |d ZLD002 
072 7 |a 620.1/.2  |x Nauka o materiálu  |2 Konspekt  |9 19 
080 |a 620.2-022.532  |2 MRF 
080 |a 537.622  |2 MRF 
080 |a 616-07/-08-71  |2 MRF 
080 |a (048.8:082)  |2 MRF 
245 0 0 |a Magnetic nanomaterials /  |c edited by Challa S.S.R. Kumar 
260 |a Weinheim :  |b Wiley-VCH,  |c c2009 
300 |a xxiv, 648 s. :  |b il. (některé barev.) ;  |c 25 cm 
490 1 |a Nanomaterials for the life sciences ;  |v v. 4 
500 |a Obsahuje bibliografie a rejstřík 
650 0 7 |a nanomateriály  |7 ph138053  |2 czenas 
650 0 7 |a magnetické materiály  |7 ph602135  |2 czenas 
650 0 7 |a biomedicínské inženýrství  |7 ph135799  |2 czenas 
650 0 9 |a nanostructure materials  |2 eczenas 
650 0 9 |a magnetic materials  |2 eczenas 
650 0 9 |a biomedical engineering  |2 eczenas 
655 7 |a kolektivní monografie  |7 fd501537  |2 czenas 
655 9 |a collective monographs  |2 eczenas 
700 1 |a Kumar, C. S. S. R.  |q (Challa S. S. R.)  |7 uk2008423639  |4 edt 
830 0 |a Nanomaterials for the life sciences 
910 |a ZLD002 
952 |0 0  |1 0  |2 udc  |4 0  |6 620NANOMATERIALS  |7 0  |8 BOOK  |9 111449  |a UTBZL  |b UTBZL  |c 037  |d 2011-09-14  |l 0  |o 620/NANOMATERIALS  |p 420010139979  |r 2019-08-26 00:00:00  |v 3670.00  |w 2019-08-26  |x N:nákup;  |y 01 
992 |a BK  |b SK 
999 |c 61005  |d 61005